000 00217 a2200097 4500
001 45397
100 _aZagoria D
245 _aSoviet policy in east Asia
260 _aLondon
_bYak universe
_c
090 _c28561
_d28561
942 _aNUST-CAE
_cM
_c20626
999 _c280470
_d280470